| 000 | 01104cam a22001934a 4500 | ||
|---|---|---|---|
| 005 | 20250605163947.0 | ||
| 008 | 250528s ||||||||||||||||||||||||d | ||
| 035 | _a15237 | ||
| 020 | _a131742280 | ||
| 040 |
_aGR-AtMCL _bgre _dGR-AtMCL _eAACR2 |
||
| 245 | 1 | _aCorporate Finance / A Model-Building Approach | |
| 260 |
_bPrentice Hall, _c1989 |
||
| 300 | _a530 | ||
| 520 | _aThe book covers all topics of modern corporate finance and is illustrated throughout with case studies drawn from real business situations in international companies. Preface, Introduction, Financial Accounting as the Foundation for Financial Models, Cash Flow Models for Planning, Assessing the Value of a Strategic Opportunity, Understanding the Risk Attached to a Strategic Opportunity, Which Discount Rate to Use? The Cost of Capital Issue, Capital Budgeting and Strategy: How to Launch a New Product, The Needs to be Prepared to Use Novel Approaches: Option Analysis as a Potential Future Tool, Conclusions, Bibliography, Index. | ||
| 700 | 1 |
_aSchlosser Michel _91128 |
|
| 942 | _cBK | ||
| 999 |
_c830 _d830 |
||